[Event "DSOL 2021"]
[Site "Germany"]
[Date "2021.02.11"]
[Round "3.4"]
[White "Kull, Florian"]
[Black "Goldinger, Peter"]
[Result "0-1"]
[WhiteElo "2134"]
[BlackElo "2062"]
[Annotator "TA"]
[PlyCount "80"]
[EventDate "2021.01.18"]
[EventType "team-tourn"]
[EventCountry "GER"]
[SourceTitle "playchess.com"]
[Source "ChessBase"]
[SourceQuality "1"]

1. c4 e5 2. Nc3 Nc6 3. Nf3 f5 4. d4 e4 5. Ne5 Bb4 6. Bf4 Nf6 7. e3 Ne7 8. Bg5 O-O 9. Qb3 Bxc3+ 10. bxc3 c5 11. Rd1 Qc7 12. g4 d6 13. d5 Rd8 14. f4 h6 15. Bh4 Ne8 16. Ng6 Nxg6 17. Bxd8 Qxd8 18. gxf5 Qh4+ 19. Kd2 Qf2+ 20. Be2 Nh4 21. Rdf1 Nf3+ 22. Kd1 Qxe3 23. Qc2 Bd7 24. Bxf3 exf3 25. Qd2 Qxd2+ 26. Kxd2 Bxf5 27. Ke3 Nf6 28. Rhg1 Ng4+ 29. Kd2 f2 30. Rg3 Kf8 31. h3 Nf6 32. Ke3 Re8+ 33. Kf3 Ne4 34. Rxf2 Nxf2 35. Kxf2 Re4 36. Rf3 Rxc4 37. Kg3 Kf7 38. Re3 b5 39. h4 a5 40. a3 Ra4 0-1

[Event "DSOL 2021"]
[Site "Germany"]
[Date "2021.02.11"]
[Round "3.4"]
[White "Prange, Dieter"]
[Black "Luebeck, Wolfgang"]
[Result "1-0"]
[WhiteElo "2081"]
[BlackElo "1620"]
[Annotator "TA"]
[PlyCount "93"]
[EventDate "2021.01.18"]
[EventType "team-tourn"]
[EventCountry "GER"]
[SourceTitle "playchess.com"]
[Source "ChessBase"]
[SourceQuality "1"]

1. e4 d5 2. exd5 Nf6 3. Nc3 Nxd5 4. Nf3 c5 5. Bc4 Nb6 6. Be2 Nc6 7. O-O e6 8. Re1 Be7 9. Ne4 O-O 10. d3 Nd5 11. c3 Nf6 12. Qc2 b6 13. Bf4 Bb7 14. Rad1 Rc8 15. h3 Qd5 16. a3 Rfd8 17. Bg5 Ne8 18. Bxe7 Nxe7 19. Ng3 Ng6 20. Qc1 Nf6 21. d4 c4 22. Qe3 Qc6 23. Bf1 Qb5 24. Rd2 Nd5 25. Qg5 Qc6 26. Nh5 Nde7 27. h4 Rd5 28. Ne5 Qe8 29. Qg4 b5 30. g3 Qf8 31. Bg2 Nxe5 32. Rxe5 Rxe5 33. dxe5 Bxg2 34. Kxg2 Nc6 35. f4 Ne7 36. Nf6+ Kh8 37. Ne4 Nd5 38. Kh3 h6 39. Nd6 Rb8 40. Qh5 Kg8 41. f5 a6 42. Rd4 Ne7 43. fxe6 f6 44. Nf7 Nc6 45. Rg4 Qe7 46. Qxh6 Kf8 47. Qh8# 1-0

[Event "DSOL 2021"]
[Site "Germany"]
[Date "2021.02.10"]
[Round "3.4"]
[White "Giraud, Valerian"]
[Black "Schulze, Marc"]
[Result "1-0"]
[WhiteElo "2064"]
[BlackElo "2222"]
[Annotator "TA"]
[PlyCount "49"]
[EventDate "2021.01.18"]
[EventType "team-tourn"]
[EventCountry "GER"]
[SourceTitle "playchess.com"]
[Source "ChessBase"]
[SourceQuality "1"]

1. d4 Nf6 2. c4 d6 3. Nc3 e5 4. e3 Be7 5. Nf3 Nbd7 6. Be2 O-O 7. O-O c6 8. Qc2 a6 9. b4 exd4 10. Nxd4 Re8 11. Bb2 Bf8 12. Rfd1 Qc7 13. h3 b6 14. Nxc6 Bb7 15. Nd4 Ne5 16. Qb3 Rac8 17. Nd5 Nxd5 18. cxd5 Nc4 19. Rac1 b5 20. Bxc4 bxc4 21. Qc3 Re5 22. Nc6 Re4 23. Rd4 Rxd4 24. Qxd4 Bxc6 25. Qxc4 1-0

[Event "DSOL 2021"]
[Site "Germany"]
[Date "2021.02.10"]
[Round "3.4"]
[White "Forsback, Lenny"]
[Black "Hillebrand, Philipp"]
[Result "0-1"]
[WhiteElo "2042"]
[BlackElo "1827"]
[Annotator "TA"]
[PlyCount "156"]
[EventDate "2021.01.18"]
[EventType "team-tourn"]
[EventCountry "GER"]
[SourceTitle "playchess.com"]
[Source "ChessBase"]
[SourceQuality "1"]

1. Nf3 g6 2. c4 c5 3. Nc3 Bg7 4. g3 b6 5. Bg2 Bb7 6. O-O d6 7. e3 Nf6 8. d4 O-O 9. a3 Nbd7 10. Qe2 e6 11. Rd1 Qe7 12. b4 Rac8 13. Bb2 cxd4 14. exd4 Rfe8 15. d5 exd5 16. Qxe7 Rxe7 17. Nxd5 Nxd5 18. Bxg7 Kxg7 19. cxd5 Nf6 20. Nd4 Bxd5 21. Bxd5 Nxd5 22. Nb5 Nc3 23. Nxc3 Rxc3 24. Rxd6 Re2 25. Kg2 Rcc2 26. Rf1 Ra2 27. Rd3 Re6 28. h4 h5 29. Rf3 Rf6 30. Rd3 Rf5 31. Re3 a5 32. bxa5 bxa5 33. Rd3 a4 34. Re3 Rb5 35. Rd1 Rf5 36. Rf1 Rf6 37. Rd3 Rb6 38. Rc1 Rb3 39. Rd7 Rbb2 40. Rf1 Rxa3 41. Rc1 Raa2 42. Rf1 Rb5 43. Ra7 Rf5 44. Kh3 Rf6 45. Kg2 Rc6 46. Rd1 Rcc2 47. Rf1 Rcb2 48. Kh3 Rxf2 49. Rxf2 Rxf2 50. Rxa4 Re2 51. Rf4 f6 52. Ra4 Kf7 53. Rb4 Ke6 54. Ra4 Kf5 55. Ra5+ Re5 56. Ra4 g5 57. hxg5 fxg5 58. Ra8 Re3 59. Rf8+ Kg6 60. Rg8+ Kf6 61. Rf8+ Kg7 62. Ra8 h4 63. Ra7+ Kg6 64. Ra6+ Kh5 65. Ra8 Rxg3+ 66. Kh2 Rc3 67. Ra4 Rc2+ 68. Kg1 h3 69. Kh1 g4 70. Ra8 Kh4 71. Ra1 Rb2 72. Rc1 Ra2 73. Rb1 Ra3 74. Rc1 Ra4 75. Rb1 g3 76. Rc1 Rf4 77. Rd1 h2 78. Ra1 Kh3 0-1

[Event "DSOL 2021"]
[Site "Germany"]
[Date "2021.02.12"]
[Round "3.4"]
[White "Will, Patrick"]
[Black "Van Hasselt, Frank"]
[Result "1/2-1/2"]
[WhiteElo "2036"]
[BlackElo "2227"]
[Annotator "TA"]
[PlyCount "113"]
[EventDate "2021.01.18"]
[EventType "team-tourn"]
[EventCountry "GER"]
[SourceTitle "playchess.com"]
[Source "ChessBase"]
[SourceQuality "1"]
[WhiteTeam "SK Bickenbach I "]
[BlackTeam "SF Berlin I"]

1. Nf3 d6 2. c4 e5 3. d3 f5 4. g3 Be7 5. Bg2 Nf6 6. Nc3 c6 7. e3 O-O 8. O-O Na6 9. a3 Nc7 10. c5 Kh8 11. cxd6 Bxd6 12. d4 e4 13. Nd2 Be6 14. b3 Ncd5 15. Ne2 Qe7 16. Nc4 Bc7 17. Bd2 Rfd8 18. Qc2 Rac8 19. Qb2 Qf7 20. f4 exf3 21. Bxf3 Qe7 22. Nf4 Bf7 23. Rae1 Ne4 24. Bxe4 Qxe4 25. Qb1 Qxb1 26. Rxb1 Nxf4 27. gxf4 Bd5 28. Ne5 Bd6 29. a4 g6 30. Rfc1 Kg7 31. Kf2 c5 32. Bc3 Kf8 33. Nc4 Be7 34. Ke2 Be4 35. Ra1 Kf7 36. Ne5+ Ke6 37. Nd3 c4 38. bxc4 Rxc4 39. Bd2 Rdc8 40. Nc5+ R4xc5 41. dxc5 Bxc5 42. Bb4 b6 43. Bxc5 bxc5 44. Ra3 c4 45. Rac3 Bd3+ 46. Kd2 Rb8 47. Rxd3 cxd3 48. Rc7 Rb3 49. Rxh7 Kd5 50. Rxa7 Ra3 51. Rd7+ Ke4 52. Rd4+ Kf3 53. Rxd3 Rxa4 54. Rc3 Ra2+ 55. Kd3 Rxh2 56. Rc6 Ra2 57. Re6 1/2-1/2

[Event "DSOL 2021"]
[Site "Germany"]
[Date "2021.02.11"]
[Round "3.4"]
[White "Schneider, Jens Erik"]
[Black "Striebeck, Enno"]
[Result "0-1"]
[WhiteElo "2026"]
[BlackElo "1697"]
[Annotator "ChessBase"]
[PlyCount "80"]
[EventDate "2021.01.18"]
[EventType "team-tourn"]
[EventCountry "GER"]
[SourceTitle "playchess.com"]
[Source "ChessBase"]
[SourceQuality "1"]

1. d4 d5 2. c4 e6 3. Nc3 Nf6 4. e3 Be7 5. Bd2 O-O 6. c5 a5 7. a3 b6 8. b4 c6 9. f4 Ba6 10. Be2 Bxe2 11. Ngxe2 Na6 12. Na2 Ne4 13. O-O Bf6 14. Nec3 Nxd2 15. Qxd2 Kh8 16. g4 g5 17. Qd3 gxf4 18. exf4 axb4 19. Nxb4 bxc5 20. Nxc6 c4 21. Qe3 Qc7 22. Ne5 Rg8 23. h3 Rg7 24. Kh1 Nb8 25. g5 Be7 26. a4 Nc6 27. Nb5 Qb6 28. Nxc6 Qxc6 29. h4 Rf8 30. h5 f6 31. Rg1 Qe8 32. Rg3 fxg5 33. h6 Rg6 34. fxg5 Rf5 35. Rag1 Bxg5 36. Qc3 Rxh6+ 37. Rh3 Qg6 38. a5 Rf4 39. a6 Qe4+ 40. Rg2 Rf1+ 0-1

[Event "DSOL 2021"]
[Site "Germany"]
[Date "2021.02.09"]
[Round "3.4"]
[White "Beckmann, David"]
[Black "Heckmann, Torsten"]
[Result "1-0"]
[WhiteElo "2025"]
[BlackElo "1822"]
[Annotator "TA"]
[PlyCount "55"]
[EventDate "2021.01.18"]
[EventType "team-tourn"]
[EventCountry "GER"]
[SourceTitle "playchess.com"]
[Source "ChessBase"]
[SourceQuality "1"]

1. Nf3 Nf6 2. d4 e6 3. g3 d5 4. Bg2 c5 5. e3 Nc6 6. O-O Be7 7. b3 O-O 8. Bb2 b6 9. c4 Bb7 10. Nc3 dxc4 11. bxc4 cxd4 12. Nxd4 Na5 13. Bxb7 Nxb7 14. Ncb5 a6 15. Nc6 Qe8 16. Nbd4 Rc8 17. Nxe7+ Qxe7 18. Rc1 Nc5 19. Ba3 Qb7 20. Bxc5 Rxc5 21. Nb3 Rcc8 22. Qe2 Rfd8 23. c5 Ne4 24. cxb6 Ng5 25. f3 Qxb6 26. Rxc8 Rxc8 27. h4 Rc3 28. hxg5 1-0

[Event "DSOL 2021"]
[Site "Germany"]
[Date "2021.02.08"]
[Round "3.4"]
[White "Schwedek, Tony"]
[Black "Lewin, Tammo"]
[Result "1-0"]
[WhiteElo "1974"]
[BlackElo "2076"]
[Annotator "TA"]
[PlyCount "113"]
[EventDate "2021.01.18"]
[EventType "team-tourn"]
[EventCountry "GER"]
[SourceTitle "playchess.com"]
[Source "ChessBase"]
[SourceQuality "1"]

1. c4 e5 2. g3 f5 3. d4 exd4 4. Qxd4 Nc6 5. Qd1 Nf6 6. Nf3 g6 7. Bg2 Bg7 8. O-O O-O 9. Nc3 d6 10. Bg5 h6 11. Bd2 Ne5 12. b3 c6 13. Qc2 Nh5 14. Rad1 Qe7 15. e3 Be6 16. Bc1 Rad8 17. Ba3 Nf7 18. Ne2 g5 19. Nfd4 Ne5 20. Nxe6 Qxe6 21. Nd4 Qg6 22. e4 f4 23. Nf5 Rxf5 24. exf5 Qf6 25. g4 Nxg4 26. Bf3 Ne5 27. Bxh5 g4 28. f3 g3 29. hxg3 fxg3 30. f4 Qh4 31. fxe5 Bxe5 32. Bb2 Bxb2 33. Qxb2 Qxh5 34. Rd3 Qh4 35. Qg2 Kf7 36. Rxg3 Qd4+ 37. Kh1 Qh4+ 38. Rh3 Qf6 39. Qg6+ Qxg6 40. fxg6+ Kxg6 41. Rg1+ Kf5 42. Rxh6 d5 43. cxd5 cxd5 44. Rh4 d4 45. Kg2 Kg5 46. Rh7 Kf4 47. Kf2 Ke4 48. Ke2 a5 49. Rg4+ Kf5 50. Rhh4 Ke5 51. Rh5+ Kf6 52. Kd3 b6 53. Rxd4 Rb8 54. Rd6+ Ke7 55. Rc6 Kd7 56. Rg6 Rd8 57. Rd5+ 1-0

[Event "DSOL 2021"]
[Site "Germany"]
[Date "2021.02.10"]
[Round "3.4"]
[White "Lawrenz, Denny"]
[Black "Huo, Da"]
[Result "1-0"]
[WhiteElo "1972"]
[BlackElo "1918"]
[Annotator "TA"]
[PlyCount "209"]
[EventDate "2021.01.18"]
[EventType "team-tourn"]
[EventCountry "GER"]
[SourceTitle "playchess.com"]
[Source "ChessBase"]
[SourceQuality "1"]

1. d4 Nf6 2. c4 e6 3. Nf3 b6 4. a3 Bb7 5. Nc3 d6 6. Bf4 Nbd7 7. e3 Ne4 8. Nxe4 Bxe4 9. Bd3 Bb7 10. O-O Be7 11. Bg3 O-O 12. Qc2 f5 13. b4 Nf6 14. d5 Ne4 15. Bxe4 fxe4 16. Qxe4 e5 17. Rac1 Bc8 18. c5 Bf5 19. Qc4 a5 20. cxb6 cxb6 21. Nxe5 b5 22. Qb3 dxe5 23. d6+ Kh8 24. dxe7 Qxe7 25. Rc5 Be6 26. Rxe5 Bxb3 27. Rxe7 axb4 28. axb4 Kg8 29. Rc1 Bc4 30. Rd1 Rfd8 31. Rxd8+ Rxd8 32. h3 Kf8 33. Ra7 Rd1+ 34. Kh2 Rd2 35. Be5 Rxf2 36. Bxg7+ Kg8 37. Bd4 Bd3 38. Kg3 Re2 39. h4 Re1 40. Kf4 Rf1+ 41. Kg5 Rf7 42. Ra2 Re7 43. g4 Kf7 44. Rd2 Bc4 45. Bc5 Re5+ 46. Kf4 Rd5 47. Rg2 Rd1 48. Kg5 Ke6 49. Kh6 Bd3 50. Rf2 Rg1 51. Rf4 Rg3 52. h5 Bc2 53. Rd4 Rg2 54. Kg5 Ke5 55. Bd6+ Ke6 56. Bf4 Rg1 57. Rd6+ Ke7 58. Rd5 Bd1 59. Kh6 Bxg4 60. Rxb5 Be2 61. Re5+ Kf6 62. Kxh7 Rb1 63. Rc5 Rxb4 64. Kg8 Bc4+ 65. Kf8 Ra4 66. Be5+ Kg5 67. Bf4+ Kf6 68. Be5+ Kg5 69. Bd6+ Kf6 70. Be7+ Ke6 71. h6 Ra8+ 72. Kg7 Bd3 73. Rc7 Ra1 74. h7 Rg1+ 75. Kh8 Rf1 76. Bc5 Rg1 77. Bf8 Rg6 78. Rg7 Kf5 79. Rf7+ Ke6 80. Rg7 Kf5 81. Rd7 Bc4 82. Rd4 Bb3 83. Rf4+ Ke6 84. Rb4 Ba2 85. Ra4 Bb3 86. Ra3 Bc2 87. Ra7 Rg2 88. Rg7 Re2 89. Bc5 Rd2 90. Bd4 Be4 91. Kg8 Ra2 92. Rg4 Bf5 93. Rg5 Ra8+ 94. Kg7 Bxh7 95. Kxh7 Rf8 96. Kg7 Rf1 97. Kg6 Rf3 98. e4 Rf4 99. Re5+ Kd6 100. Kg5 Rf1 101. Rd5+ Ke6 102. Re5+ Kd6 103. Ra5 Rd1 104. Ra6+ Kd7 105. Bf6 1-0

[Event "DSOL 2021"]
[Site "Germany"]
[Date "2021.02.11"]
[Round "3.4"]
[White "Hellrung, Bernhard"]
[Black "Rose, Daniel"]
[Result "0-1"]
[WhiteElo "1927"]
[BlackElo "1816"]
[Annotator "ChessBase"]
[PlyCount "126"]
[EventDate "2021.01.18"]
[EventType "team-tourn"]
[EventCountry "GER"]
[SourceTitle "playchess.com"]
[Source "ChessBase"]
[SourceQuality "1"]

1. e4 d5 2. exd5 Qxd5 3. Nc3 Qa5 4. d4 Nf6 5. Bd3 Bg4 6. Nge2 e6 7. O-O Bd6 8. h3 Bh5 9. Be3 c6 10. Qd2 Qc7 11. Bf4 O-O 12. Bxd6 Qxd6 13. Ng3 Bg6 14. Bxg6 hxg6 15. Qe3 Na6 16. a3 Nc7 17. Nge4 Nxe4 18. Nxe4 Qe7 19. Rfe1 Nd5 20. Qb3 Rfd8 21. Rad1 a5 22. c4 Nf4 23. Qf3 Nh5 24. Nc3 a4 25. d5 cxd5 26. cxd5 e5 27. Qe4 Ra5 28. Qxe5 Qxe5 29. Rxe5 Nf6 30. Re7 Nd7 31. Rde1 Kf8 32. R7e4 Nc5 33. Rh4 Kg8 34. Re2 g5 35. Rb4 Rd7 36. Re8+ Kh7 37. Kh2 Nd3 38. Rg4 f6 39. f3 Nxb2 40. h4 gxh4 41. Rxh4+ Kg6 42. Rg4+ Kf7 43. Rh8 b5 44. Rh7 Kg8 45. Rh6 f5 46. Rg3 Nc4 47. Rc6 Nxa3 48. Rc8+ Kf7 49. Rb8 Nc2 50. Nxb5 Ne3 51. Rh3 Nxd5 52. Rhh8 a3 53. Ra8 Rxb5 54. Rxa3 Nf6 55. Ra2 Rb1 56. Kg3 Kg6 57. Rc8 Nh5+ 58. Kf2 Rdd1 59. Rc6+ Kg5 60. Rcc2 Rf1+ 61. Ke2 Nf4+ 62. Ke3 Nd5+ 63. Kd4 Nb4 0-1

[Event "DSOL 2021"]
[Site "Germany"]
[Date "2021.02.11"]
[Round "3.4"]
[White "Bleek, Marian"]
[Black "Schutzmann, Henry"]
[Result "1-0"]
[WhiteElo "1919"]
[BlackElo "1871"]
[Annotator "ChessBase"]
[PlyCount "33"]
[EventDate "2021.01.18"]
[EventType "team-tourn"]
[EventCountry "GER"]
[SourceTitle "playchess.com"]
[Source "ChessBase"]
[SourceQuality "1"]

1. e4 c5 2. Nc3 Nc6 3. f4 d6 4. Nf3 g6 5. Bb5 Bg7 6. Bxc6+ bxc6 7. d3 Nf6 8. O-O O-O 9. Qe1 Qc7 10. Qh4 Re8 11. f5 gxf5 12. Bh6 Bxh6 13. Qxh6 fxe4 14. Ng5 Be6 15. Ncxe4 Qd7 16. Rxf6 Bf5 17. Rxf7 1-0

[Event "DSOL 2021"]
[Site "Germany"]
[Date "2021.02.11"]
[Round "3.4"]
[White "Young, Steven D"]
[Black "Meffert, Matthias"]
[Result "1-0"]
[WhiteElo "1893"]
[BlackElo "2076"]
[Annotator "TA"]
[PlyCount "57"]
[EventDate "2021.01.18"]
[EventType "team-tourn"]
[EventCountry "GER"]
[SourceTitle "playchess.com"]
[Source "ChessBase"]
[SourceQuality "1"]

1. c4 c5 2. Nc3 Nc6 3. e3 Nf6 4. d4 cxd4 5. exd4 d5 6. cxd5 Nxd5 7. Nf3 e6 8. Bd3 Be7 9. O-O O-O 10. a3 b6 11. Re1 Bb7 12. Nxd5 Qxd5 13. Be4 Qd7 14. Bf4 Rfd8 15. Qc2 h6 16. d5 exd5 17. Bh7+ Kh8 18. Bf5 Qe8 19. Bc7 Rd7 20. Bxd7 Qxd7 21. Be5 Rc8 22. Qd3 Bc5 23. b4 Bf8 24. Rac1 Rd8 25. b5 Na5 26. Rc7 Qg4 27. Rxf7 Kg8 28. Bf6 Rd6 29. Rxf8+ 1-0

[Event "DSOL 2021"]
[Site "Germany"]
[Date "2021.02.09"]
[Round "3.4"]
[White "Wolf, Jonas"]
[Black "Di Franco, Patrizio"]
[Result "0-1"]
[WhiteElo "1882"]
[BlackElo "1585"]
[Annotator "NA RC"]
[PlyCount "56"]
[EventDate "2021.01.18"]
[EventType "team-tourn"]
[EventCountry "GER"]
[SourceTitle "playchess.com"]
[Source "ChessBase"]
[SourceQuality "1"]

1. e4 e6 2. d4 c5 3. d5 exd5 4. exd5 d6 5. Bb5+ Nd7 6. Nf3 Ngf6 7. O-O Be7 8. a4 O-O 9. Bf4 a6 10. Bd3 b6 11. c4 Re8 12. Nc3 Nf8 13. h3 Ng6 14. Bh2 Bb7 15. Nd2 Bf8 16. Nde4 Nxe4 17. Nxe4 Ne5 18. Bxe5 Rxe5 19. f4 Re8 20. f5 f6 21. Qh5 Re5 22. Rf4 Bc8 23. g4 g6 24. fxg6 Rxh5 25. Nxf6+ Kh8 26. gxh5 h6 27. Re1 Bd7 28. Ne8 Qg5+ 0-1

[Event "DSOL 2021"]
[Site "Germany"]
[Date "2021.02.10"]
[Round "3.4"]
[White "Vojdani, Bahram"]
[Black "Hummel, Felician"]
[Result "0-1"]
[WhiteElo "1847"]
[BlackElo "1691"]
[Annotator "NA RC"]
[PlyCount "54"]
[EventDate "2021.01.18"]
[EventType "team-tourn"]
[EventCountry "GER"]
[SourceTitle "playchess.com"]
[Source "ChessBase"]
[SourceQuality "1"]

1. e4 e6 2. c4 d5 3. cxd5 exd5 4. Qb3 dxe4 5. Bc4 Qe7 6. Nc3 Nf6 7. d3 exd3+ 8. Be3 d2+ 9. Kf1 Nbd7 10. Bxd2 Nc5 11. Qc2 Be6 12. Nb5 O-O-O 13. Bb4 Qd7 14. Bxe6 Nxe6 15. Qc4 Bxb4 16. Qxb4 a6 17. Nc3 Rhe8 18. Nge2 Kb8 19. h4 Qd2 20. Qb3 Nc5 21. Qc4 Nce4 22. Rh3 Qxb2 23. Rd1 Nd2+ 24. Rxd2 Qa1+ 25. Nb1 Qxb1+ 26. Qc1 Qxc1+ 27. Nxc1 Rxd2 0-1

[Event "DSOL 2021"]
[Site "Germany"]
[Date "2021.02.12"]
[Round "3.4"]
[White "Bajorski, Marius"]
[Black "Gallasch, Robin"]
[Result "1/2-1/2"]
[WhiteElo "1846"]
[BlackElo "2067"]
[Annotator "TA"]
[PlyCount "127"]
[EventDate "2021.01.18"]
[EventType "team-tourn"]
[EventCountry "GER"]
[SourceTitle "playchess.com"]
[Source "ChessBase"]
[SourceQuality "1"]
[WhiteTeam "Hofheim"]
[BlackTeam "Porz"]

1. e4 c6 2. d4 d5 3. Nc3 dxe4 4. Nxe4 Bf5 5. Ng3 Bg6 6. h4 h6 7. Nf3 Nd7 8. h5 Bh7 9. Bd3 Bxd3 10. Qxd3 e6 11. Bd2 Ngf6 12. O-O-O Be7 13. Kb1 O-O 14. Ne4 c5 15. dxc5 Nxc5 16. Nxf6+ Bxf6 17. Qxd8 Rfxd8 18. Be3 Rxd1+ 19. Rxd1 Na4 20. c3 Bxc3 21. b3 Nb6 22. Bxb6 axb6 23. Rd7 b5 24. Rxb7 b4 25. Rb5 Rd8 26. Kc1 f6 27. Rc5 e5 28. a4 e4 29. Nh4 Rd2 30. Nf5 Rxf2 31. Rc8+ Kf7 32. Nd6+ Ke6 33. Nxe4 Bb2+ 34. Kb1 Rxg2 35. Nc5+ Kf5 36. Nd3 Bc3 37. Rc5+ Kg4 38. Rc4+ Kg5 39. a5 Rg1+ 40. Kc2 Ra1 41. Rc5+ f5 42. Rb5 Kxh5 43. Rxf5+ Kg4 44. Rb5 Kf3 45. Rf5+ Ke4 46. Rb5 Ke3 47. Rh5 Ra2+ 48. Kb1 Rxa5 49. Rxa5 Kxd3 50. Rh5 Ke4 51. Kc2 Kf4 52. Rh1 g5 53. Rxh6 g4 54. Kd3 Kf3 55. Re6 g3 56. Re3+ Kf2 57. Re2+ Kf1 58. Ke3 Bd4+ 59. Kf3 Bf2 60. Ra2 Be1 61. Rc2 Bf2 62. Ra2 Be1 63. Rc2 Bf2 64. Ra2 1/2-1/2

[Event "DSOL 2021"]
[Site "Germany"]
[Date "2021.02.08"]
[Round "3.4"]
[White "Braehler, Stephan"]
[Black "Jennes, Philipp"]
[Result "1-0"]
[WhiteElo "1845"]
[BlackElo "1620"]
[Annotator "NA RC"]
[PlyCount "73"]
[EventDate "2021.01.18"]
[EventType "team-tourn"]
[EventCountry "GER"]
[SourceTitle "playchess.com"]
[Source "ChessBase"]
[SourceQuality "1"]

1. e4 c6 2. Nc3 d5 3. Nf3 dxe4 4. Nxe4 Bf5 5. Ng3 Bg6 6. d4 Nf6 7. Ne5 Nbd7 8. Nxg6 hxg6 9. Bc4 e6 10. O-O Bd6 11. c3 Ne4 12. Re1 Nxg3 13. fxg3 Nf6 14. Qe2 Nd5 15. Bxd5 cxd5 16. Qb5+ Qd7 17. Qxd5 Rxh2 18. Bf4 Bxf4 19. Qxd7+ Kxd7 20. Kxh2 Rh8+ 21. Kg1 Bxg3 22. Rf1 Ke7 23. Rf3 Bh2+ 24. Kf2 Bc7 25. Re1 Rh5 26. a4 g5 27. Rf5 Kf8 28. Rxe6 Bf4 29. d5 Rh1 30. d6 Rd1 31. Re7 f6 32. Rxb7 Bxd6 33. Ra5 Rd2+ 34. Kf1 Bg3 35. Raxa7 Rf2+ 36. Kg1 Re2 37. Ra8+ 1-0

[Event "DSOL 2021"]
[Site "Germany"]
[Date "2021.02.08"]
[Round "3.4"]
[White "Arndt, Olaf"]
[Black "Kubens, Viktor"]
[Result "1-0"]
[WhiteElo "1840"]
[BlackElo "1620"]
[Annotator "NA RC"]
[PlyCount "49"]
[EventDate "2021.01.18"]
[EventType "team-tourn"]
[EventCountry "GER"]
[SourceTitle "playchess.com"]
[Source "ChessBase"]
[SourceQuality "1"]

1. e4 Nf6 2. Nc3 d5 3. exd5 Nxd5 4. Bc4 c6 5. Qf3 e6 6. d4 Be7 7. Qg3 Bf6 8. Ne4 g6 9. Nd6+ Ke7 10. Ne4 Nd7 11. Qa3+ c5 12. dxc5 Kf8 13. Nxf6 N7xf6 14. Bh6+ Ke8 15. O-O-O Bd7 16. Nf3 Qc7 17. Rhe1 Bc6 18. Ne5 Rd8 19. Qf3 Ke7 20. Bg5 h6 21. Bxf6+ Nxf6 22. Nxg6+ Ke8 23. Qxf6 Rh7 24. Rxe6+ fxe6 25. Qf8# 1-0

[Event "DSOL 2021"]
[Site "Germany"]
[Date "2021.02.09"]
[Round "3.4"]
[White "Baldauf, Bastian"]
[Black "Lu, Siyuan"]
[Result "0-1"]
[WhiteElo "1789"]
[BlackElo "1876"]
[Annotator "NA RC"]
[PlyCount "98"]
[EventDate "2021.01.18"]
[EventType "team-tourn"]
[EventCountry "GER"]
[SourceTitle "playchess.com"]
[Source "ChessBase"]
[SourceQuality "1"]

1. e4 c5 2. Nf3 e6 3. d4 cxd4 4. Nxd4 Nc6 5. Nb3 Nf6 6. f3 Be7 7. Nc3 O-O 8. Be3 Qc7 9. Qd2 Rd8 10. Bf4 d6 11. O-O-O a6 12. g4 b5 13. Qf2 Bb7 14. Be2 Rac8 15. Be3 Nd7 16. Rd2 Bf6 17. Nd4 Nxd4 18. Bxd4 b4 19. Bxf6 Nxf6 20. Nb1 h6 21. h4 a5 22. Bd3 h5 23. gxh5 Nxh5 24. f4 a4 25. a3 b3 26. Nc3 Qa5 27. Ne2 Nf6 28. Qe3 d5 29. e5 Ne4 30. Bxe4 dxe4 31. c3 Rxd2 32. Kxd2 Rd8+ 33. Nd4 Rxd4+ 34. Qxd4 e3+ 35. Kxe3 Bxh1 36. h5 Qa8 37. Kd2 Qd5 38. Ke3 Qxd4+ 39. Kxd4 Kh7 40. Kc5 Kh6 41. Kb5 Kxh5 42. Kxa4 Kg4 43. Kxb3 Kxf4 44. Kc4 g5 45. b4 g4 46. b5 g3 47. b6 Bb7 48. Kc5 g2 49. Kd6 g1=Q 0-1

[Event "DSOL 2021"]
[Site "Germany"]
[Date "2021.02.10"]
[Round "3.4"]
[White "Wolgin, Konstantin"]
[Black "Du Plessis, Anika"]
[Result "0-1"]
[WhiteElo "1733"]
[BlackElo "1541"]
[Annotator "NA RC"]
[PlyCount "70"]
[EventDate "2021.01.18"]
[EventType "team-tourn"]
[EventCountry "GER"]
[SourceTitle "playchess.com"]
[Source "ChessBase"]
[SourceQuality "1"]

1. e4 c5 2. Nf3 e6 3. d4 cxd4 4. Nxd4 Nc6 5. Nc3 Qc7 6. Be3 a6 7. Qd2 Nf6 8. f3 b5 9. g4 Bb7 10. g5 Nh5 11. O-O-O Be7 12. Kb1 O-O 13. f4 Rac8 14. Be2 Nxd4 15. Bxh5 Nxc2 16. Rc1 Nxe3 17. Qxe3 Bc5 18. Qf3 Qb6 19. Rhe1 Qa5 20. Qd3 b4 21. Ne2 f5 22. gxf6 g6 23. Qxd7 Bxe4+ 24. Ka1 Rc7 25. Qxe6+ Kh8 26. Qxe4 b3 27. Nc3 gxh5 28. Qe5 Rcf7 29. a3 Bb6 30. Ne4 h6 31. Nd6 Rxf6 32. Qxa5 Bxa5 33. Nc4 Bxe1 34. Rxe1 Rxf4 35. Ne5 Rf1 0-1

[Event "DSOL 2021"]
[Site "Germany"]
[Date "2021.02.12"]
[Round "3.4"]
[White "BurhanudinMisini"]
[Black "Kiss, Tamas"]
[Result "1-0"]
[WhiteElo "1717"]
[BlackElo "1984"]
[Annotator "TA"]
[PlyCount "101"]
[EventDate "2021.01.18"]
[EventType "team-tourn"]
[EventCountry "GER"]
[SourceTitle "playchess.com"]
[Source "ChessBase"]
[SourceQuality "1"]
[WhiteTeam "Ludwigshafen"]
[BlackTeam "Katernberg/Essen"]

1. e4 Nf6 2. e5 Nd5 3. c4 Nb6 4. d4 d6 5. Nf3 Nc6 6. Nc3 dxe5 7. d5 Nb8 8. Nxe5 e6 9. Nxf7 Kxf7 10. dxe6+ Ke8 11. Qh5+ g6 12. Qe5 Rg8 13. c5 Bg7 14. Qg3 Nd5 15. Bg5 Nf6 16. Bc4 c6 17. Rd1 Qe7 18. O-O Na6 19. Rfe1 Kf8 20. Rd8+ Qxd8 21. e7+ Qxe7 22. Rxe7 Kxe7 23. Bxf6+ Bxf6 24. Qd6+ Ke8 25. Bxg8 Be7 26. Qe5 Nxc5 27. Bxh7 Bf5 28. Qh8+ Bf8 29. Qe5+ Kf7 30. Qc7+ Be7 31. g4 Bd3 32. b4 Ne6 33. Qg3 Bc2 34. Qf3+ Bf6 35. Qe2 Rh8 36. Qxc2 Rxh7 37. Ne4 Be5 38. Ng3 Nd4 39. Qe4 Rh4 40. Kg2 Bf6 41. h3 Rh8 42. g5 Bg7 43. Qf4+ Kg8 44. Qb8+ Kh7 45. Qxb7 Rf8 46. Qxa7 Ne6 47. Ne4 Rf5 48. Nf6+ Kh8 49. Qa8+ Nf8 50. h4 Bxf6 51. Qxf8+ 1-0

[Event "DSOL 2021"]
[Site "Germany"]
[Date "2021.02.08"]
[Round "3.4"]
[White "Neuhoff, Laertes"]
[Black "Schmidt, Dennis"]
[Result "1/2-1/2"]
[WhiteElo "1714"]
[BlackElo "1620"]
[Annotator "NA RC"]
[PlyCount "61"]
[EventDate "2021.01.18"]
[EventType "team-tourn"]
[EventCountry "GER"]
[SourceTitle "playchess.com"]
[Source "ChessBase"]
[SourceQuality "1"]

1. e4 c5 2. Nf3 d6 3. d4 cxd4 4. Nxd4 Nf6 5. Nc3 e6 6. g4 h6 7. h4 Nc6 8. Rg1 d5 9. exd5 Nxd5 10. Nxd5 exd5 11. Nxc6 bxc6 12. Qe2+ Be6 13. g5 hxg5 14. Bxg5 Be7 15. O-O-O Rb8 16. Qe5 Bf6 17. Bxf6 gxf6 18. Qc3 Rb6 19. a4 Kd7 20. a5 Rb7 21. Bh3 f5 22. Rde1 Qxh4 23. Rxe6 fxe6 24. Rg7+ Kd6 25. Rxb7 Qxh3 26. Qxh3 Rxh3 27. Rxa7 Kc5 28. Re7 Kd6 29. Ra7 Kc5 30. Re7 Kd6 31. Ra7 1/2-1/2